000 01832nam a2200289 c 4500
003 BLK
005 20180422115523.0
008 180411b bul|||||r ||||||| ||bul||
010 _aKNG00196169000
040 _aBLK
041 _aBUL
_cBUL
080 _aБолести според телесната конструкция, състояние на здравето, предразположение, резистентност, конституция, склонности - десняци, леваци, изтощени от глад, кахексия, затлъстяване;инвалиди;болести причи
_b616-056
_x(02)
_z616-056(02)
100 1 _aБожков, Божко Митев
_eпърви автор
_9374438
139 _aБожков, Божко Митев
_bБ 57
245 1 0 _aПрактическо ръководство по алергология
_cБожко Митев Божков.
257 _aBGR
260 София
_bМедицина и физкултура
_c1983
_fПловдив : Д. Благоев
300 _a315 с.
_bс ил., 4 л. цв. ил.
_c23 см
380 _a61
500 _aДруги авт. : М. Св. Бойкикева, Ст. М. Василева, Т. Н. Вълчева, К. Г. Гайтанджиев, В. Д. Димитров, Г. Б. Костурков, Ж. Ал. Милева, Б. Т. Мустаков, Сл. П. Славов, М. П. Станева-Стоянова, отбелязани на с. 5. - 3 105 тир. - Библиогр. след отд. гл.
650 4 _aАлергия и алергични болести - наръчници и ръководства
_9273891
852 _aЦб 123128
856 4 _qpdf
_u
856 4 _qpdf
_u
942 _cKNG
_n0
944 _aCR
_c15.11.2016
_kГрета_Цуфелде
944 _aED
_c15.11.2016
_kГрета_Цуфелде
999 _c187162
_d187162